Normal view
MARC view
Entry Uniform Title
001 - CONTROL NUMBER
- control field: 10423
003 - CONTROL NUMBER IDENTIFIER
- control field: BD-RjUL
005 - DATE AND TIME OF LATEST TRANSACTION
- control field: 20231207151825.0
008 - FIXED-LENGTH DATA ELEMENTS
- fixed length control field: 231207|| aca||aabn | a|a d
040 ## - CATALOGING SOURCE
- Original cataloging agency: BD-RjUL
- Transcribing agency: BD-RjUL
130 ## - HEADING--UNIFORM TITLE
- Uniform title: Intishārāt-i Dānishgāh-i Millī-i Īrān
670 ## - SOURCE DATA FOUND
- Source citation: Work cat.: (BD-RjUL)82426: Dolchahi, Ismail ;;; دولتشاهي, اسماعيل 10422, کلىات تارىخ عمومى / Kulliyāt-i tārīkh-i ʻumūmī /, 1925